Digital signal processing laboratory using MATLAB /

Na minha lista:
Detalhes bibliográficos
Autor principal: Mitra, Sanjit K.
Formato: Sách giấy
Idioma:English
Publicado em: Boston : McGraw-Hill , 1999
Tags: Adicionar Tag
Sem tags, seja o primeiro a adicionar uma tag!
Thư viện lưu trữ: Thư viện Trường Đại học Đà Lạt
LEADER 00575nam a2200241 4500
001 DLU020018491
005 ##9/24/2001
020 # # |a 978- 
041 # # |a eng 
082 # # |a 005.369  |b MI-S 
100 # # |a Mitra, Sanjit K. 
245 # # |a Digital signal processing laboratory using MATLAB /  |c Sanjit K. Mitra 
260 # # |a Boston :  |b McGraw-Hill ,  |c 1999 
300 # # |a 230 tr., IX;   |c 24 cm. 
992 # # |a 481975 
994 # # |a DLU 
900 # # |a False 
911 # # |a Administrator 
925 # # |a G 
926 # # |a A 
927 # # |a SH 
980 # # |a Thư viện Trường Đại học Đà Lạt